| 000 | 00621nam a2200241Ia 4500 | ||
|---|---|---|---|
| 003 | OSt | ||
| 005 | 20220924142550.0 | ||
| 006 | a|||||r|||| 00| 0 | ||
| 007 | ta | ||
| 008 | ASM | ||
| 020 | _c5.00 | ||
| 024 | _a302385 | ||
| 037 | _cTextual | ||
| 040 |
_aARTS _cARTS _bASM |
||
| 041 |
_2ASM _aASM |
||
| 082 | _aU8.46(Q,4198)'N, 158M3 | ||
| 100 |
_aKhatun Mir Raushanara _9213616 |
||
| 245 | 0 | _aMor madhya asia bhraman kahini aur pabitra haj jatra | |
| 260 | _c1983 | ||
| 650 | _aGEOGRAPHY | ||
| 942 |
_hU8.46(Q,4198)'N, 158M3 _cTEXL _2CC |
||
| 999 |
_c451106 _d451106 |
||